Prueba de Texas - Estadísticas

Estadísticas generales
  • Esta prueba ha sido intentada 19 veces
  • La puntuación promedio es 14 de 17
Estadísticas de respuestas
Pista Respuesta % Correcto
Capital del estado Austin
100%
Estilo musical más emblemático del territorio Country
100%
Ciudad más poblada Houston
100%
País con el que tiene frontera en el sur México
100%
Agencia espacial con centro de control de misiones en la ciudad de arriba NASA
100%
País sudamericano con una bandera muy similar a la texana Chile
93%
Ciudad donde fue asesinado John F. Kennedy Dallas
93%
Forma alternativa de escribir "Texas" Tejas
93%
Rama del cristianismo a la que pertenece el 50% de la población Protestantismo
87%
Río en la frontera sur Río Bravo
87%
Estado con el que limita al oeste Arizona
80%
Ciudad de más de 600.000 habitantes fronteriza con México donde más del 80% es hispano El Paso
80%
Deporte típico de Texas relacionado con potros, toros y vacas Rodeo
80%
Virreinato del que Texas formaba parte durante el mandato español Virreinato de {Nueva} {España}
67%
Famosa batalla en 1836 entre mexicanos y texanos en San Antonio Batalla del {Álamo}
60%
Eslogan identitario no oficial Don't {Mess} With Texas
60%
Apodo de Texas El Estado de la {Estrella} Solitaria
47%
No se encontraron pruebas coincidentes
Distribución de puntuación
Porcentaje de gente con cada puntuación
Porcentaje por número respondido
Historial de tus puntuaciones
No has intentado esta prueba.